| 000 | 00000nam 2200000zi 4500 |
| 001 | 9.945369 |
| 003 | CaOODSP |
| 005 | 20241120131906 |
| 006 | m o d f |
| 007 | cr |n||||||||| |
| 008 | 241120e197712##qucbd ob f000 0 fre d |
| 040 | |aCaOODSP|bfre|erda|cCaOODSP |
| 043 | |an-cn-qu |
| 086 | 1 |aEn153-119/10F-PDF |
| 100 | 1 |aLevasseur, Hélène, |eauteur. |
| 245 | 10|aÉtude du benthos du fleuve Saint-Laurent / |cHélène Levasseur. |
| 264 | 1|a[Québec] : |b[Pêches et Environnement Canada], |cDécembre 1977. |
| 300 | |a1 ressource en ligne (280 pages) : |bcartes, graphiques. |
| 336 | |atexte|btxt|2rdacontent/fre |
| 337 | |ainformatique|bc|2rdamedia/fre |
| 338 | |aressource en ligne|bcr|2rdacarrier/fre |
| 490 | 1 |aRapport technique ; |vNo. 10 |
| 500 | |aÉdition numérisée de l’imprimé [par Environnement et Changement climatique Canada]. |
| 500 | |a« Rapport soumis au Comité d'étude sur le fleuve Saint-Laurent par les Services de protection de l'environnement. » |
| 504 | |aComprend des références bibliographiques (pages 149-150). |
| 520 | |a« 144 stations de macroinvertébrés benthiques ont été échantillonnnées au cours des mois de juillet et août 1976. A ces stations, nous avons ajouté les 87 autres échantillonnées en 1975 (au cours des mêmes mois), pour un total de 231 stations. La région couverte s'étend de Cornwall à l'île d'Orléans, la section en aval de Trois-Rivières n'ayant été échantillonnée qu'en 1976 »--Introduction. |
| 650 | 6|aOligoéléments dans l'eau|zSaint-Laurent (Fleuve) |
| 650 | 6|aBenthos|zSaint-Laurent (Fleuve) |
| 650 | 6|aEau|xPollution|zSaint-Laurent (Fleuve) |
| 650 | 0|aTrace elements in water|zSaint Lawrence River. |
| 650 | 0|aBenthos|zSaint Lawrence River. |
| 650 | 0|aWater|xPollution|zSaint Lawrence River. |
| 710 | 2 |aComité d'étude sur le fleuve Saint-Laurent (Canada), |eorganisme de publication. |
| 710 | 1 |aCanada. |bPêches et environnement Canada, |eorganisme de publication. |
| 710 | 1 |aQuébec (Province). |bServices de protection de l'environnement, |eorganisme de publication. |
| 830 | #0|aRapport technique (Comité d'étude sur le fleuve Saint-Laurent (Canada))|vNo. 10.|w(CaOODSP)9.939021 |
| 856 | 40|qPDF|s4093 Ko|uhttps://publications.gc.ca/collections/collection_2024/eccc/en153/En153-119-10-fra.pdf |